<?xml version="1.0" encoding="UTF-8"?>
<collection xmlns="http://www.loc.gov/MARC21/slim">
  <record>
    <leader>00000nam  2200000   4500</leader>
    <controlfield tag="001">INLIS000000000018838</controlfield>
    <controlfield tag="005">20241218114253</controlfield>
    <datafield tag="035" ind1="#" ind2="#">
      <subfield code="a">0010-1224000209</subfield>
    </datafield>
    <controlfield tag="007">ta</controlfield>
    <controlfield tag="008">241218################g##########0#eng##</controlfield>
    <datafield tag="020" ind1="#" ind2="#">
      <subfield code="a">0-13-637447-6</subfield>
    </datafield>
    <datafield tag="082" ind1="#" ind2="#">
      <subfield code="a">621.381.735</subfield>
    </datafield>
    <datafield tag="084" ind1="#" ind2="#">
      <subfield code="a">621.381.735 JOH o</subfield>
    </datafield>
    <datafield tag="100" ind1=" " ind2="#">
      <subfield code="a">Johnson, David E.</subfield>
    </datafield>
    <datafield tag="245" ind1="1" ind2="#">
      <subfield code="a">Operational Amplifier Circuits :</subfield>
      <subfield code="b">design and application /</subfield>
      <subfield code="c">David E. Johnson dan V. Jayakumar</subfield>
    </datafield>
    <datafield tag="260" ind1="#" ind2="#">
      <subfield code="a">London :</subfield>
      <subfield code="b">Prentice-Hall, inc,</subfield>
      <subfield code="c">1982</subfield>
    </datafield>
    <datafield tag="300" ind1="#" ind2="#">
      <subfield code="a">x, 285 hlm. :</subfield>
      <subfield code="b">ind., ill. ;</subfield>
      <subfield code="c">23 cm</subfield>
    </datafield>
    <datafield tag="650" ind1="#" ind2="4">
      <subfield code="a">Operational Amplifier Circuits</subfield>
    </datafield>
    <datafield tag="520" ind1="#" ind2="#">
      <subfield code="a">the integreted circuit op amp (and many of its applications in electric circuits) to readers with little or no experience with the device. The book may be used as a tect for a beginning course on op-amp circuits, or, by ignoring the practice exercises and end-of-chapter problems, as an op-amp handbook. It contains through descriptions of the op amp, its terminal connections, its practical limitations, and many of its applications.</subfield>
    </datafield>
    <datafield tag="990" ind1="#" ind2="#">
      <subfield code="a">21097</subfield>
    </datafield>
  </record>
</collection>
